000 02251cam a2200289 4500500
005 20251228073439.0
041 _afre
042 _adc
100 1 0 _aBesse, Maria Graciete
_eauthor
245 0 0 _aLe texte fulgurant de Maria Gabriela Llansol entre nomadisme et dépossession
260 _c2007.
500 _a10
520 _aRésuméDans la littérature portugaise contemporaine, l’œuvre de Maria Gabriela Llansol (1931) dessine une cartographie hostile à toute forme de représentation et d’orthodoxie générique. Produite sous le signe de la rupture et traversée par un certain nombre de figures mystiques (Maître Eckhart, saint Jean de la Croix, Al Hallâj), elle développe souvent des fulgurations (cenas-fulgor) qui traduisent la discontinuité temporelle, la jubilation du fragmentaire et l’expérience nomade de l’intranquillité, si chère à Fernando Pessoa. Par un mouvement de déterritorialisation, l’instance énonciative se déploie entre l’intime et l’extime, la fascination et la perte, pour créer une épiphanie du visible où se joue sans cesse la possibilité de l’extase.
520 _aWithin contemporary Portuguese literature, Maria Gabriela Llansol’s works draw a map hostile to all generic charting and categories of orthodox representations. Her work originating from an act of rupture and visited by a great number of mystics (Eckhart, Saint John of the Cross, Al Hallâj) produces many ‘cenas fulgor’ which convey a sense of temporal discontinuity, manifest a taste for fragmentation and express the nomadic experience of ‘un-quietness’, so familiar to Pessoa. Through deterritorialisation, the enuciative agency wavers between intimacy and ex-timacy, fascination and loss to create an epiphany akin to ecstasy.
690 _aécriture
690 _aextase
690 _ajubilation
690 _alittérature portugaise
690 _aLlansol
690 _aecstasy
690 _ajubilation
690 _aLlansol
690 _aPortuguese literature
690 _awriting
786 0 _nSavoirs et clinique | 8 | 1 | 2007-10-18 | p. 127-133 | 1634-3298
856 4 1 _uhttps://shs.cairn.info/revue-savoirs-et-cliniques-2007-1-page-127?lang=fr&redirect-ssocas=7080
999 _c1595224
_d1595224